000 01014nam a22002657a 4500
001 2294
003 FISKH
005 20231115113823.0
008 231115b cb ||||| |||| 00| 0 eng d
020 _a9781407135571
040 _aFISKH
_beng
_cFISKH
_dFISKH
082 _a823.92
100 _aWebb, Holly
245 _aPonymagic /
_cHolly Webb
250 _aThis edition published by Scholastic Ltd, 2013
260 _aLondon :
_bScholastic,
_c2010
300 _a170 pages :
_c20 cm
490 _aAnimal Magic
505 _aR
520 _aAs Lottie's magical powers grow, so do her adventures at the magical pet shop Lottie keeps dreaming of unicorns. She knows they are in trouble and desperately need her help, but she's not sure how to. With her mother also moving back to England very soon, Lottie can't help but worry. Will she have to leave the magic pet shop?
521 8 _a740
_bLexile
521 8 _aR
_bRaz-Plus
650 _2Magic
_v Juvenile literature
942 _2ddc
_cBK
_n0
999 _c2294
_d2294